000 01034nam a22002537a 4500
005 20240530110602.0
008 160218s2012 ua g 000 0 ara d
017 _a2011/21012
_bمصر . دار الكتب المصرية
020 _a9789773504492
040 _aEG-CaGPL
082 0 4 _221
_a953.071\
_bم ع
100 0 _aمحمد حسن العيدروس
245 1 2 _aالعصر الاندلسى :
_bعصر النهضة فى الاندلس : الحياة الاقتصادية فى اسبانيا الاسلامية /
_cمحمد حسن العيدروس
250 _aط1
260 _aالقاهرة :
_bدار الكتاب الحديث ،
_c2012 .
300 _a215 ص ؛
_c24 سم .
490 _aموسوعة اسبانيا الاسلامية
650 0 4 _aالاندلس
_xتاريخ
650 0 4 _aالعرب فى السبانيا
650 0 4 _aاسبانيا
_xالاحوال الاقتصادية
650 0 4 _aالاسلام فى اسبانيا
942 _2ddc
_cBK
999 _c62693
_d62693